| 000 | 01103ngm a2200265Ia 4500 | ||
|---|---|---|---|
| 001 | CINE00785 | ||
| 003 | EcQuCN | ||
| 005 | 20240205094154.0 | ||
| 006 | a||||gr|||| 00| mz | ||
| 007 | mc nfubzzgazauz|c201508 | ||
| 008 | 150827s ec ||||g |||| 00| mzspa d | ||
| 040 | _aEcQuCN | ||
| 084 | _aVHSER0057.1 - V8ER043 - DVDER930.1 | ||
| 245 | 1 | 0 |
_aMarcha por la cultura; _cProducida por: CIESPAL |
| 260 |
_aQuito _bCinemateca Nacional |
||
| 300 | _a11 minutos. | ||
| 380 | _aRegistro personal | ||
| 500 | _aFondo Cinemateca | ||
| 516 | _aVHS - VIDEO 8 - DVD | ||
| 520 | 1 | _a(No está editado) Marcha de directivos y trabajadores de la Casa de la Cultura Ecuatoriana y representantes de todos los núcleos marchan desde las dependencias de la institución en el parque de El Ejido hacia el palacio de gobierno, esto sucede en el gobierno de Sixto Durán Ballén. Todos van a presentar el reclamo por la falta apoyo a la cultura. Van acompañados de comparas, carteles y gritos de protesta. | |
| 522 | _aQuito / Pichincha | ||
| 650 | 4 | _aHISTORIA | |
| 700 | 1 |
_aCiespal _eproductor |
|
| 942 |
_2z _cVHS |
||
| 999 |
_c828 _d828 |
||